| 000 | 01412cam a2200229 4500 | ||
|---|---|---|---|
| 001 | ABS65871 | ||
| 008 | 020830n2002 000 0 eng u | ||
| 035 | _a(Sirsi) u119492 | ||
| 100 | _aDawson, M. | ||
| 245 | _aGreen is for caution | ||
| 260 | _c2002 | ||
| 490 |
_aEstates Gazette _v(0230) 124-125(2) |
||
| 520 | _aExamines the rules that developers should be made aware of with more areas coming under conservation area control. Looks at the practical implications for developers of certain legislation and guidance such as PPG 15 which acknowledges that new development in conservation areas cannot be prohibited but advises that there are restrictions to be taken into account particularly when listed buildings are concerned. Local planning authorities have a duty under S72 of the Planning (Listed Buildings & Conservation Areas) Act 1990 to perserve or enhance the character or appearance of a conservation area. Other areas to be paid careful attention to by developers are when the potential development involves the demolition of a building or when making alterations to a particular building. | ||
| 590 | _aABS | ||
| 650 | _aPLANNING (LISTED BUILDINGS AND CONSERVATION) ACT 1990 | ||
| 650 | _aPPG15 | ||
| 650 | _aNEW DEVELOPMENT | ||
| 650 | _aCONSERVATION AREAS | ||
| 650 | _aPLANNING APPLICATIONS | ||
| 690 | _aENVIRONMENTAL AND LAND CONSULTANCY-PLANNING AND DEVELOPMENT | ||
| 942 | _n0 | ||
| 999 |
_c71047 _d71047 |
||